Corre como el viento /
Shranjeno v:
| Glavni avtor: | |
|---|---|
| Format: | Neznan |
| Jezik: | Spanish |
| Teme: | |
| Oznake: |
Označite
Brez oznak, prvi označite!
|
MARC
| LEADER | 000000000a22000000004500 | ||
|---|---|---|---|
| 001 | 007015 | ||
| 041 | 0 | |a spa | |
| 100 | 1 | |a Villegas Rojas, Hubert | |
| 245 | 1 | 0 | |a Corre como el viento / |c Hubert Villegas Rojas. |
| 650 | 4 | |a LITERATURA COSTARRICENSE | |
| 773 | 0 | |x 1013-9060 |d San José, Costa Rica : Editorial de la Universidad Estatal a Distancia |t Revista Nacional de Cultura |g número 26 (1995), páginas 75-76 | |
| 942 | |c ARC | ||
| 999 | |c 13136 |d 13136 | ||
